• 首页
  • 本馆介绍
  • 公告通知
  • 最新文献
  • 馆藏检索
  • 电子资源
  • 读者导购
  • 参考咨询
  • 我的图书馆
  • 登录
  • 详细信息显示
  • 放入我的书架
  • 预约/预借图书
  • 作者相关作品
  • 分类相关作品
  • 丛书相关作品
  • 出版社相关作品

书目信息

  • 表格格式
  • 工作单格式
  • 卡片格式
题名:
蜜蜂授粉与蜜粉源植物
    
 
作者: 罗术东 , 李海燕 主编
分册:  
出版信息: 北京   中国农业科学技术出版社  2014
页数: 159页
开本: 24cm
丛书名: 蜜蜂产业从业指南丛书
单 册:
中图分类: Q944.43 , S897
科图分类:
主题词: 蜜蜂授粉 , 蜜粉源植物
电子资源:
ISBN: 978-7-5116-1452-0
000 01090oam2 2200289 450
001 012015000260
005 20151130091920.92
010    @a978-7-5116-1452-0@dCNY19.00
100    @a20140429d2014 em y0chiy50 ea
101 0  @achi
102    @aCN@b110000
105    @aa z 000yy
106    @ar
200 1  @a蜜蜂授粉与蜜粉源植物@Ami feng shou fen yu mi fen yuan zhi wu@f罗术东,李海燕主编
210    @a北京@c中国农业科学技术出版社@d2014
215    @a159页@c图@d24cm
225 2  @a蜜蜂产业从业指南丛书
330    @a本书从授粉的类型和授粉媒介的多样性谈起,进而指出蜜蜂授粉对于整个生态系统和农业生产体系的重要性和必然性,介绍了几种主要授粉蜂及其生活习性,参考国内外的蜂群管理和授粉实践,总结了大田和设施农业蜜蜂授粉配套技术,并列举了部分授粉蜂的授粉应用实例。
410  0 @12001 @a蜜蜂产业从业指南丛书
606 0  @a蜜蜂授粉
606 0  @a蜜粉源植物
690    @aQ944.43@v5
690    @aS897@v5
701  0 @a罗术东@Aluo shu dong@f(1977~)@4主编
701  0 @a李海燕@Ali hai yan@c(女,蜜蜂科学@f1972~)@4主编
801  0 @aCN@b碧洲教育@c20151127
905    @a10447@f4@dQ944.43@e278
    
    蜜蜂授粉与蜜粉源植物/罗术东,李海燕主编.-北京:中国农业科学技术出版社,2014
    159页:图;24cm.-(蜜蜂产业从业指南丛书)
    
    
    ISBN 978-7-5116-1452-0:CNY19.00
    本书从授粉的类型和授粉媒介的多样性谈起,进而指出蜜蜂授粉对于整个生态系统和农业生产体系的重要性和必然性,介绍了几种主要授粉蜂及其生活习性,参考国内外的蜂群管理和授粉实践,总结了大田和设施农业蜜蜂授粉配套技术,并列举了部分授粉蜂的授粉应用实例。
●
相关链接 在E读中查询图书 在五车中查询图书 在当当中查询图书 在豆瓣中查询图书


正题名:蜜蜂授粉与蜜粉源植物     索取号:Q944.43/278         预约/预借

序号 登录号 条形码 馆藏地/架位号 状态 备注
1 0871100   208711009   第二样本阅览室/ [索取号:Q944.43/278] 在馆    
2 0871101   208711018   第三借阅区/ [索取号:Q944.43/278] 在馆    
3 0871102   208711027   密集书库-生命科学系/ [索取号:Q944.43/278] 在馆    
4 0871103   208711036   第三借阅区/ [索取号:Q944.43/278] 在馆    
唐山师范学院图书馆 欢迎您!
大连网信软件有限公司© 版权所有